| 000 | 00566 a2200181 4500 | ||
|---|---|---|---|
| 020 | _a0471491101 | ||
| 040 |
_aDLC _bDLC |
||
| 082 | 0 | 0 | _a519.82 |
| 100 | 1 | _aKleinrock, Leonard. | |
| 245 | 1 | 0 |
_aQueueing systems _cKleinrock, Leonard |
| 260 |
_aNew York, _bWiley _c[1975-1976] |
||
| 300 |
_a2 v. _billus. _c24 cm. |
||
| 500 | _a"A Wiley-Interscience publication." | ||
| 505 | 0 | _av. 1. Theory.--v. 2. Computer applications. | |
| 650 | 0 | _aQueuing theory. | |
| 856 | 4 |
_3Table of Contents _uhttp://www.loc.gov/catdir/toc/onix05/74009846.html |
|
| 942 |
_cBK _k519.82 KLE _2ddc |
||
| 999 |
_c9403 _d9403 |
||